| 000 | 00376nam a22001697a 4500 | ||
|---|---|---|---|
| 005 | 20160627111527.0 | ||
| 008 | 160627b xxu||||| |||| 00| 0 eng d | ||
| 020 | _a81-85939-90-3 | ||
| 041 | _aeng | ||
| 082 | _b10267 | ||
| 100 |
_aKumar, H.D. _92888 |
||
| 245 | _aBiotechnology | ||
| 260 |
_bEast West _c2003 |
||
| 300 | _a590 | ||
| 650 |
_aAgriculture _92837 |
||
| 942 | _cBK | ||
| 999 |
_c4185 _d4184 |
||